<?xml version="1.0" encoding="UTF-8"?>
<record
    xmlns:xsi="http://www.w3.org/2001/XMLSchema-instance"
    xsi:schemaLocation="http://www.loc.gov/MARC21/slim http://www.loc.gov/standards/marcxml/schema/MARC21slim.xsd"
    xmlns="http://www.loc.gov/MARC21/slim">

  <leader>00516nam a2200181   4500</leader>
  <controlfield tag="003">SEACOMMC</controlfield>
  <controlfield tag="005">20250505114308.0</controlfield>
  <controlfield tag="008">250221b        |||||||| |||| 00| 0 eng d</controlfield>
  <datafield tag="020" ind1=" " ind2=" ">
    <subfield code="a"> 978-81-259-2848-5</subfield>
    <subfield code="c">Rs.225.00</subfield>
  </datafield>
  <datafield tag="040" ind1=" " ind2=" ">
    <subfield code="a">SEACOMMC</subfield>
  </datafield>
  <datafield tag="082" ind1=" " ind2=" ">
    <subfield code="a">510.2465</subfield>
    <subfield code="b">B 575</subfield>
  </datafield>
  <datafield tag="100" ind1=" " ind2=" ">
    <subfield code="a">Bhui, Bikas Chandra</subfield>
  </datafield>
  <datafield tag="245" ind1="1" ind2=" ">
    <subfield code="a">Mathematics for BCA volume - I /</subfield>
    <subfield code="c"> Bikas Chandra Bhui [and] D. Chatterjee</subfield>
  </datafield>
  <datafield tag="260" ind1=" " ind2=" ">
    <subfield code="a"> Kolkata</subfield>
    <subfield code="b"> Vikas Publishing House </subfield>
    <subfield code="c"> 2008</subfield>
  </datafield>
  <datafield tag="300" ind1=" " ind2=" ">
    <subfield code="a">Vol.1</subfield>
  </datafield>
  <datafield tag="650" ind1=" " ind2=" ">
    <subfield code="a">  Mathematics</subfield>
  </datafield>
  <datafield tag="942" ind1=" " ind2=" ">
    <subfield code="c">BOOK</subfield>
  </datafield>
  <datafield tag="952" ind1=" " ind2=" ">
    <subfield code="0">0</subfield>
    <subfield code="1">0</subfield>
    <subfield code="2">ddc</subfield>
    <subfield code="4">0</subfield>
    <subfield code="7">0</subfield>
    <subfield code="a">SEACOMMC</subfield>
    <subfield code="b">SEACOMMC</subfield>
    <subfield code="c">REF</subfield>
    <subfield code="d">2008-11-15</subfield>
    <subfield code="l">0</subfield>
    <subfield code="o">510.2465 B 575</subfield>
    <subfield code="p">M-2181</subfield>
    <subfield code="r">2025-02-21 12:48:01</subfield>
    <subfield code="w">2025-02-21</subfield>
    <subfield code="y">REF</subfield>
  </datafield>
  <datafield tag="952" ind1=" " ind2=" ">
    <subfield code="0">0</subfield>
    <subfield code="1">0</subfield>
    <subfield code="2">ddc</subfield>
    <subfield code="4">0</subfield>
    <subfield code="7">0</subfield>
    <subfield code="a">SEACOMMC</subfield>
    <subfield code="b">SEACOMMC</subfield>
    <subfield code="d">2008-11-15</subfield>
    <subfield code="l">0</subfield>
    <subfield code="o">510.2465 B 575</subfield>
    <subfield code="p">M-2182</subfield>
    <subfield code="r">2025-02-21 12:48:45</subfield>
    <subfield code="t">1</subfield>
    <subfield code="w">2025-02-21</subfield>
    <subfield code="y">BOOK</subfield>
  </datafield>
  <datafield tag="952" ind1=" " ind2=" ">
    <subfield code="0">0</subfield>
    <subfield code="1">0</subfield>
    <subfield code="2">ddc</subfield>
    <subfield code="4">0</subfield>
    <subfield code="7">0</subfield>
    <subfield code="a">SEACOMMC</subfield>
    <subfield code="b">SEACOMMC</subfield>
    <subfield code="d">2008-11-15</subfield>
    <subfield code="l">0</subfield>
    <subfield code="o">510.2465 B 575</subfield>
    <subfield code="p">M-2183</subfield>
    <subfield code="r">2025-02-21 12:48:45</subfield>
    <subfield code="t">2</subfield>
    <subfield code="w">2025-02-21</subfield>
    <subfield code="y">BOOK</subfield>
  </datafield>
  <datafield tag="952" ind1=" " ind2=" ">
    <subfield code="0">0</subfield>
    <subfield code="1">0</subfield>
    <subfield code="2">ddc</subfield>
    <subfield code="4">0</subfield>
    <subfield code="7">0</subfield>
    <subfield code="a">SEACOMMC</subfield>
    <subfield code="b">SEACOMMC</subfield>
    <subfield code="d">2008-11-15</subfield>
    <subfield code="l">0</subfield>
    <subfield code="o">510.2465 B 575</subfield>
    <subfield code="p">M-2184</subfield>
    <subfield code="r">2025-02-21 12:48:45</subfield>
    <subfield code="t">3</subfield>
    <subfield code="w">2025-02-21</subfield>
    <subfield code="y">BOOK</subfield>
  </datafield>
  <datafield tag="952" ind1=" " ind2=" ">
    <subfield code="0">0</subfield>
    <subfield code="1">0</subfield>
    <subfield code="2">ddc</subfield>
    <subfield code="4">0</subfield>
    <subfield code="7">0</subfield>
    <subfield code="a">SEACOMMC</subfield>
    <subfield code="b">SEACOMMC</subfield>
    <subfield code="d">2008-11-15</subfield>
    <subfield code="l">0</subfield>
    <subfield code="o">510.2465 B 575</subfield>
    <subfield code="p">M-2185</subfield>
    <subfield code="r">2025-02-21 12:48:45</subfield>
    <subfield code="t">4</subfield>
    <subfield code="w">2025-02-21</subfield>
    <subfield code="y">BOOK</subfield>
  </datafield>
  <datafield tag="952" ind1=" " ind2=" ">
    <subfield code="0">0</subfield>
    <subfield code="1">0</subfield>
    <subfield code="2">ddc</subfield>
    <subfield code="4">0</subfield>
    <subfield code="7">0</subfield>
    <subfield code="a">SEACOMMC</subfield>
    <subfield code="b">SEACOMMC</subfield>
    <subfield code="d">2008-11-15</subfield>
    <subfield code="l">0</subfield>
    <subfield code="o">510.2465 B 575</subfield>
    <subfield code="p">M-2186</subfield>
    <subfield code="r">2025-02-21 12:48:45</subfield>
    <subfield code="t">5</subfield>
    <subfield code="w">2025-02-21</subfield>
    <subfield code="y">BOOK</subfield>
  </datafield>
  <datafield tag="952" ind1=" " ind2=" ">
    <subfield code="0">0</subfield>
    <subfield code="1">0</subfield>
    <subfield code="2">ddc</subfield>
    <subfield code="4">0</subfield>
    <subfield code="7">0</subfield>
    <subfield code="a">SEACOMMC</subfield>
    <subfield code="b">SEACOMMC</subfield>
    <subfield code="d">2008-11-15</subfield>
    <subfield code="l">0</subfield>
    <subfield code="o">510.2465 B 575</subfield>
    <subfield code="p">M-2187</subfield>
    <subfield code="r">2025-02-21 12:48:45</subfield>
    <subfield code="t">6</subfield>
    <subfield code="w">2025-02-21</subfield>
    <subfield code="y">BOOK</subfield>
  </datafield>
  <datafield tag="952" ind1=" " ind2=" ">
    <subfield code="0">0</subfield>
    <subfield code="1">0</subfield>
    <subfield code="2">ddc</subfield>
    <subfield code="4">0</subfield>
    <subfield code="7">0</subfield>
    <subfield code="a">SEACOMMC</subfield>
    <subfield code="b">SEACOMMC</subfield>
    <subfield code="d">2008-11-15</subfield>
    <subfield code="l">0</subfield>
    <subfield code="o">510.2465 B 575</subfield>
    <subfield code="p">M-2188</subfield>
    <subfield code="r">2025-02-21 12:48:45</subfield>
    <subfield code="t">7</subfield>
    <subfield code="w">2025-02-21</subfield>
    <subfield code="y">BOOK</subfield>
  </datafield>
  <datafield tag="952" ind1=" " ind2=" ">
    <subfield code="0">0</subfield>
    <subfield code="1">0</subfield>
    <subfield code="2">ddc</subfield>
    <subfield code="4">0</subfield>
    <subfield code="7">0</subfield>
    <subfield code="a">SEACOMMC</subfield>
    <subfield code="b">SEACOMMC</subfield>
    <subfield code="d">2008-11-15</subfield>
    <subfield code="l">0</subfield>
    <subfield code="o">510.2465 B 575</subfield>
    <subfield code="p">M-2189</subfield>
    <subfield code="r">2025-02-21 12:48:45</subfield>
    <subfield code="t">8</subfield>
    <subfield code="w">2025-02-21</subfield>
    <subfield code="y">BOOK</subfield>
  </datafield>
  <datafield tag="952" ind1=" " ind2=" ">
    <subfield code="0">0</subfield>
    <subfield code="1">0</subfield>
    <subfield code="2">ddc</subfield>
    <subfield code="4">0</subfield>
    <subfield code="7">0</subfield>
    <subfield code="a">SEACOMMC</subfield>
    <subfield code="b">SEACOMMC</subfield>
    <subfield code="d">2008-11-15</subfield>
    <subfield code="l">0</subfield>
    <subfield code="o">510.2465 B 575</subfield>
    <subfield code="p">M-2190</subfield>
    <subfield code="r">2025-02-21 12:48:45</subfield>
    <subfield code="t">9</subfield>
    <subfield code="w">2025-02-21</subfield>
    <subfield code="y">BOOK</subfield>
  </datafield>
  <datafield tag="952" ind1=" " ind2=" ">
    <subfield code="0">0</subfield>
    <subfield code="1">0</subfield>
    <subfield code="2">ddc</subfield>
    <subfield code="4">0</subfield>
    <subfield code="7">0</subfield>
    <subfield code="a">SEACOMMC</subfield>
    <subfield code="b">SEACOMMC</subfield>
    <subfield code="d">2008-11-15</subfield>
    <subfield code="l">0</subfield>
    <subfield code="o">510.2465 B 575</subfield>
    <subfield code="p">M-2191</subfield>
    <subfield code="r">2025-02-21 12:48:45</subfield>
    <subfield code="t">10</subfield>
    <subfield code="w">2025-02-21</subfield>
    <subfield code="y">BOOK</subfield>
  </datafield>
  <datafield tag="952" ind1=" " ind2=" ">
    <subfield code="0">0</subfield>
    <subfield code="1">0</subfield>
    <subfield code="2">ddc</subfield>
    <subfield code="4">0</subfield>
    <subfield code="7">0</subfield>
    <subfield code="a">SEACOMMC</subfield>
    <subfield code="b">SEACOMMC</subfield>
    <subfield code="d">2008-11-15</subfield>
    <subfield code="l">0</subfield>
    <subfield code="o">510.2465 B 575</subfield>
    <subfield code="p">M-2192</subfield>
    <subfield code="r">2025-02-21 12:48:45</subfield>
    <subfield code="t">11</subfield>
    <subfield code="w">2025-02-21</subfield>
    <subfield code="y">BOOK</subfield>
  </datafield>
  <datafield tag="952" ind1=" " ind2=" ">
    <subfield code="0">0</subfield>
    <subfield code="1">0</subfield>
    <subfield code="2">ddc</subfield>
    <subfield code="4">0</subfield>
    <subfield code="7">0</subfield>
    <subfield code="a">SEACOMMC</subfield>
    <subfield code="b">SEACOMMC</subfield>
    <subfield code="d">2008-11-15</subfield>
    <subfield code="l">0</subfield>
    <subfield code="o">510.2465 B 575</subfield>
    <subfield code="p">M-2193</subfield>
    <subfield code="r">2025-02-21 12:48:45</subfield>
    <subfield code="t">12</subfield>
    <subfield code="w">2025-02-21</subfield>
    <subfield code="y">BOOK</subfield>
  </datafield>
  <datafield tag="952" ind1=" " ind2=" ">
    <subfield code="0">0</subfield>
    <subfield code="1">0</subfield>
    <subfield code="2">ddc</subfield>
    <subfield code="4">0</subfield>
    <subfield code="7">0</subfield>
    <subfield code="a">SEACOMMC</subfield>
    <subfield code="b">SEACOMMC</subfield>
    <subfield code="d">2008-11-15</subfield>
    <subfield code="l">0</subfield>
    <subfield code="o">510.2465 B 575</subfield>
    <subfield code="p">M-2194</subfield>
    <subfield code="r">2025-02-21 12:48:45</subfield>
    <subfield code="t">13</subfield>
    <subfield code="w">2025-02-21</subfield>
    <subfield code="y">BOOK</subfield>
  </datafield>
  <datafield tag="952" ind1=" " ind2=" ">
    <subfield code="0">0</subfield>
    <subfield code="1">0</subfield>
    <subfield code="2">ddc</subfield>
    <subfield code="4">0</subfield>
    <subfield code="7">0</subfield>
    <subfield code="a">SEACOMMC</subfield>
    <subfield code="b">SEACOMMC</subfield>
    <subfield code="d">2008-11-15</subfield>
    <subfield code="l">0</subfield>
    <subfield code="o">510.2465 B 575</subfield>
    <subfield code="p">M-2195</subfield>
    <subfield code="r">2025-02-21 12:48:45</subfield>
    <subfield code="t">14</subfield>
    <subfield code="w">2025-02-21</subfield>
    <subfield code="y">BOOK</subfield>
  </datafield>
  <datafield tag="952" ind1=" " ind2=" ">
    <subfield code="0">0</subfield>
    <subfield code="1">0</subfield>
    <subfield code="2">ddc</subfield>
    <subfield code="4">0</subfield>
    <subfield code="7">0</subfield>
    <subfield code="a">SEACOMMC</subfield>
    <subfield code="b">SEACOMMC</subfield>
    <subfield code="d">2008-11-15</subfield>
    <subfield code="l">0</subfield>
    <subfield code="o">510.2465 B 575</subfield>
    <subfield code="p">M-2196</subfield>
    <subfield code="r">2025-02-21 12:48:45</subfield>
    <subfield code="t">15</subfield>
    <subfield code="w">2025-02-21</subfield>
    <subfield code="y">BOOK</subfield>
  </datafield>
  <datafield tag="952" ind1=" " ind2=" ">
    <subfield code="0">0</subfield>
    <subfield code="1">0</subfield>
    <subfield code="2">ddc</subfield>
    <subfield code="4">0</subfield>
    <subfield code="7">0</subfield>
    <subfield code="a">SEACOMMC</subfield>
    <subfield code="b">SEACOMMC</subfield>
    <subfield code="d">2008-11-15</subfield>
    <subfield code="l">0</subfield>
    <subfield code="o">510.2465 B 575</subfield>
    <subfield code="p">M-2197</subfield>
    <subfield code="r">2025-02-21 12:48:45</subfield>
    <subfield code="t">16</subfield>
    <subfield code="w">2025-02-21</subfield>
    <subfield code="y">BOOK</subfield>
  </datafield>
  <datafield tag="952" ind1=" " ind2=" ">
    <subfield code="0">0</subfield>
    <subfield code="1">0</subfield>
    <subfield code="2">ddc</subfield>
    <subfield code="4">0</subfield>
    <subfield code="7">0</subfield>
    <subfield code="a">SEACOMMC</subfield>
    <subfield code="b">SEACOMMC</subfield>
    <subfield code="d">2008-11-15</subfield>
    <subfield code="l">0</subfield>
    <subfield code="o">510.2465 B 575</subfield>
    <subfield code="p">M-2198</subfield>
    <subfield code="r">2025-02-21 12:48:45</subfield>
    <subfield code="t">17</subfield>
    <subfield code="w">2025-02-21</subfield>
    <subfield code="y">BOOK</subfield>
  </datafield>
  <datafield tag="952" ind1=" " ind2=" ">
    <subfield code="0">0</subfield>
    <subfield code="1">0</subfield>
    <subfield code="2">ddc</subfield>
    <subfield code="4">0</subfield>
    <subfield code="7">0</subfield>
    <subfield code="a">SEACOMMC</subfield>
    <subfield code="b">SEACOMMC</subfield>
    <subfield code="d">2008-11-15</subfield>
    <subfield code="l">1</subfield>
    <subfield code="o">510.2465 B 575</subfield>
    <subfield code="p">M-2199</subfield>
    <subfield code="q">2025-11-26</subfield>
    <subfield code="r">2025-11-12 15:40:03</subfield>
    <subfield code="s">2025-11-12</subfield>
    <subfield code="t">18</subfield>
    <subfield code="w">2025-02-21</subfield>
    <subfield code="y">BOOK</subfield>
  </datafield>
  <datafield tag="952" ind1=" " ind2=" ">
    <subfield code="0">0</subfield>
    <subfield code="1">0</subfield>
    <subfield code="2">ddc</subfield>
    <subfield code="4">0</subfield>
    <subfield code="7">0</subfield>
    <subfield code="a">SEACOMMC</subfield>
    <subfield code="b">SEACOMMC</subfield>
    <subfield code="d">2008-11-15</subfield>
    <subfield code="l">0</subfield>
    <subfield code="o">510.2465 B 575</subfield>
    <subfield code="p">M-2200</subfield>
    <subfield code="r">2025-02-21 12:48:45</subfield>
    <subfield code="t">19</subfield>
    <subfield code="w">2025-02-21</subfield>
    <subfield code="y">BOOK</subfield>
  </datafield>
  <datafield tag="999" ind1=" " ind2=" ">
    <subfield code="c">1093</subfield>
    <subfield code="d">1093</subfield>
  </datafield>
</record>
